=LDR 00000nam 2200000 4500 =001 INLIS000000000062409 =005 20230921015106 =035 ##$$a 0010-0823000072 =007 ta =008 230921###########################0###### =020 ##$$a 1411-741X =082 ##$$a 352.120 959 865 302 1 Ban s =084 ##$$a 352.120 959 865 302 1 BAN s =100 #$$a Bank Indonesia =245 1#$$a STATISTIK EKONOMI KEUANGAN DAERAH PROVINSI NUSA TENGGARA BARAT = REGIONAL ECONOMIC FINANCIAL STATISTICS PROVINCE OF WEST NUSA TENGGARA Volume.21 No.6 Juni 2021 =260 ##$$a Nusa Tenggara Barat :$b Bank Indonesia Nusa Tenggara Barat,$c 2021 =300 ##$$a xi, 157 halaman : $b Tidak Ada Ilustrasi ; $c 28 cm =990 ##$$a 202/52/2023